00766nam a2200229Ia 450000500170000000800410001702000220005804100080008008200200008810000240010824500690013226000380020130000210023944000060026050000160026665000310028270000240031390600070033794200070034499900170035195201680036820230327115144.0230125s9999 xx 000 0 und d a978-0-3494-1041-8 aeng a658.312 44bHOF aHoffman B G9117802 aRed Teaming : Transform Your Business By Thinking Like The Enemy c2017bPiatkus PublicationaLondon a278pcPaper Back v1 aHRM;HRM Gen aHuman Resource Management. aHoffman B G9117802 b27 cBK c95642d95642 00104070aHIMRbHIMRd2019-02-12ePritam Book Centreg599.00i10764l0o658.312 44 HOF B18136pHIMR-BK-18136r2023-01-25 00:00:00v572.00w2019-02-11yBKzB18136